[Event "Oberliga Nord W 2324"]
[Site "Germany"]
[Date "2024.01.14"]
[Round "4.4"]
[White "Dahmen, Christoph"]
[Black "Kovacevic, Blazimir"]
[Result "0-1"]
[WhiteElo "2107"]
[BlackElo "2386"]
[PlyCount "64"]
[EventDate "2023.10.22"]
[EventType "team-tourn"]
[EventRounds "9"]
[EventCountry "GER"]
[SourceTitle "EXT 2025"]
[Source "ChessBase"]
[SourceDate "2024.10.14"]
[SourceVersion "1"]
[SourceVersionDate "2024.10.14"]
[SourceQuality "1"]
[WhiteTeam "Braunschweig Gliesmarode"]
[BlackTeam "Kirchweyhe II"]
[WhiteTeamCountry "GER"]
[BlackTeamCountry "GER"]

1. e4 e6 2. Nf3 d5 3. exd5 exd5 4. d4 Nc6 5. Bf4 Bd6 6. Bxd6 Qxd6 7. Bd3 Qb4+ 8. Nbd2 Nxd4 9. 0-0 Nxf3+ 10. Nxf3 Ne7 11. Re1 0-0 12. Re5 f6 13. Rh5 g6 14. Rh4 Qd6 15. c4 Bf5 16. Nd4 Bxd3 17. Qxd3 c6 18. Re1 Rf7 19. Re6 Qd7 20. Qe2 dxc4 21. Rhe4 Nd5 22. h4 f5 23. R4e5 Nc7 24. Re7 Qxd4 25. Rxf7 Kxf7 26. Re7+ Kf8 27. Rxc7 Re8 28. Qf3 Re1+ 29. Kh2 Qxh4+ 30. Qh3 Qxh3+ 31. Kxh3 Re7 32. Rc8+ Kf7 0-1

[Event "DSOL 03 Liga Gr-A 1st"]
[Site "Playchess.com INT"]
[Date "2020.06.25"]
[Round "1.1"]
[White "Dahmen, Christoph"]
[Black "Weise, Martin"]
[Result "0-1"]
[WhiteElo "2045"]
[BlackElo "2042"]
[PlyCount "66"]
[EventDate "2020.06.22"]
[EventType "team-tourn (rapid)"]
[EventCountry "GER"]
[SourceTitle "EXT 2021"]
[Source "ChessBase"]
[SourceDate "2020.10.23"]
[SourceVersion "1"]
[SourceVersionDate "2020.10.23"]
[SourceQuality "1"]
[WhiteTeam "Braunschweig Gliesmarode"]
[BlackTeam "Fulda"]
[WhiteTeamCountry "GER"]
[BlackTeamCountry "GER"]

1. e4 e6 2. d4 d5 3. exd5 exd5 4. Bd3 c5 5. Nf3 Nf6 6. 0-0 Be7 7. dxc5 Nc6 8. a3 Bxc5 9. b4 Be7 10. Bf4 0-0 11. h3 Ne4 12. c4 Bf6 13. Ra2 Bf5 14. Qb3 Na5 15. bxa5 Nc5 16. Qb5 Nxd3 17. Be3 Be6 18. Qxb7 dxc4 19. Bxa7 Bd5 20. Qb6 Bxf3 21. gxf3 Qd7 22. Rc2 Rxa7 23. Rxc4 Ne5 24. Rf4 Bg5 25. Re4 Nxf3+ 26. Kg2 Nh4+ 27. Kh2 Bd8 28. Qb3 Rxa5 29. Nc3 Qd3 30. Rd1 Qf3 31. Rg4 Bc7+ 32. Kg1 Qxh3 33. Qc4 Nf3# 0-1

[Event "GER-ch Net blitz qual3"]
[Site "Playchess.com INT"]
[Date "2020.03.21"]
[Round "5"]
[White "Dahmen, Christoph"]
[Black "Kersten, Uwe"]
[Result "0-1"]
[WhiteElo "2091"]
[BlackElo "2252"]
[PlyCount "22"]
[EventDate "2020.03.21"]
[EventType "swiss (blitz)"]
[EventRounds "9"]
[EventCountry "GER"]
[SourceTitle "CBM 195 Extra"]
[Source "ChessBase"]
[SourceDate "2020.05.31"]
[SourceVersion "1"]
[SourceVersionDate "2020.05.31"]
[SourceQuality "1"]

1. e4 e6 2. Nf3 d5 3. exd5 exd5 4. d4 Bd6 5. Bd3 Ne7 6. 0-0 Nbc6 7. c3 f6 8. Qc2 Bg4 9. Bxh7 Bxf3 10. Bg6+ Kf8 11. gxf3 Qd7 0-1

[Event "GER-ch Net blitz qual2"]
[Site "Playchess.com INT"]
[Date "2020.03.16"]
[Round "7"]
[White "Hassemeier, Mika"]
[Black "Dahmen, Christoph"]
[Result "0-1"]
[WhiteElo "2072"]
[BlackElo "2091"]
[PlyCount "60"]
[EventDate "2020.03.16"]
[EventType "swiss (blitz)"]
[EventRounds "9"]
[EventCountry "GER"]
[SourceTitle "CBM 195 Extra"]
[Source "ChessBase"]
[SourceDate "2020.05.31"]
[SourceVersion "1"]
[SourceVersionDate "2020.05.31"]
[SourceQuality "1"]

1. d4 d5 2. c4 c6 3. cxd5 cxd5 4. Nc3 Nf6 5. Bf4 Nc6 6. e3 Qb6 7. Qc2 g6 8. a3 Bf5 9. Bd3 Bxd3 10. Qxd3 e6 11. Nf3 Qxb2 12. 0-0 Qb6 13. Nb5 Rc8 14. Rab1 Qd8 15. Ne5 a6 16. Nxc6 Rxc6 17. Na7 Rc4 18. Rxb7 Bd6 19. Bxd6 Qxd6 20. Rfb1 0-0 21. R7b6 Qc7 22. h3 Qxa7 23. Rb7 Qa8 24. Qb3 Qc8 25. Qb6 Rc1+ 26. Kh2 Rxb1 27. Qxb1 Ne4 28. f3 Nc3 29. Qb4 Nb5 30. Rb6 Qc7+ 0-1

[Event "Oberliga Nord W 1314"]
[Site "Germany"]
[Date "2013.10.13"]
[Round "1.5"]
[White "Dahmen, Christoph"]
[Black "Blancke, Stefan"]
[Result "0-1"]
[WhiteElo "2079"]
[BlackElo "2270"]
[PlyCount "96"]
[EventDate "2013.10.13"]
[EventType "team-tourn"]
[EventRounds "9"]
[EventCountry "GER"]
[SourceTitle "EXT 2015"]
[Source "ChessBase"]
[SourceDate "2014.11.20"]
[SourceVersion "1"]
[SourceVersionDate "2014.11.20"]
[SourceQuality "1"]
[WhiteTeam "Braunschweig"]
[BlackTeam "Lueneburg Turm"]
[WhiteTeamCountry "GER"]
[BlackTeamCountry "GER"]

1. d4 d5 2. c4 e6 3. Nc3 c5 4. e3 Nf6 5. Nf3 Nc6 6. Be2 cxd4 7. exd4 g6 8. 0-0 Bg7 9. Bg5 h6 10. Bh4 g5 11. Bg3 Ne4 12. Ne5 Nxg3 13. fxg3 Nxe5 14. dxe5 d4 15. Ne4 Bxe5 16. Qa4+ Bd7 17. Qa3 Qe7 18. Qa5 Bg7 19. Qc7 0-0 20. Nd6 d3 21. Bxd3 Bd4+ 22. Kh1 Bb6 23. Qxb7 Qxd6 24. Rad1 Qc6 25. Qa6 Bc5 26. Qa5 Rab8 27. Qc3 Qb6 28. Qf6 e5 29. Qxe5 Rbe8 30. Qd5 Bg4 31. Rb1 Rd8 32. Qe4 f5 33. Qe5 Rfe8 34. Qc3 Re3 35. b4 Rexd3 36. Qe1 Bf8 37. c5 Qf6 38. h3 Rd1 39. Qf2 Rxb1 40. Rxb1 Rd1+ 41. Rxd1 Bxd1 42. Qf1 Bh5 43. b5 Qc3 44. b6 Bxc5 45. b7 Bd6 46. g4 fxg4 47. hxg4 Bf7 48. Qd1 Qg3 0-1

[Event "Oberliga Nord W 1213"]
[Site "Germany"]
[Date "2012.10.14"]
[Round "1.7"]
[White "Kobs, Stephan"]
[Black "Dahmen, Christoph"]
[Result "1/2-1/2"]
[WhiteElo "2035"]
[BlackElo "2069"]
[PlyCount "44"]
[EventDate "2012.10.14"]
[EventType "team-tourn"]
[EventRounds "9"]
[EventCountry "GER"]
[SourceTitle "EXT 2014"]
[Source "ChessBase"]
[SourceDate "2013.11.20"]
[SourceVersion "1"]
[SourceVersionDate "2013.11.20"]
[SourceQuality "1"]
[WhiteTeam "Esens"]
[BlackTeam "Braunschweig Gliesmarode"]
[WhiteTeamCountry "GER"]
[BlackTeamCountry "GER"]

1. e4 c5 2. Nf3 Nc6 3. d4 cxd4 4. Nxd4 g6 5. c4 Bg7 6. Be3 Nf6 7. Nc3 0-0 8. Be2 d6 9. 0-0 Bd7 10. Rc1 Nxd4 11. Bxd4 Bc6 12. f3 Nd7 13. Bxg7 Kxg7 14. Qd4+ Kg8 15. Rfd1 a5 16. b3 Qb6 17. Qxb6 Nxb6 18. Nd5 Bxd5 19. cxd5 Rfc8 20. Kf2 Nd7 21. Bb5 Nc5 22. Ke3 Kg7 1/2-1/2

[Event "Braunschweig Oker Cup"]
[Site "Braunschweig"]
[Date "2011.12.02"]
[Round "1"]
[White "Tondera, Benedikt"]
[Black "Dahmen, Christoph"]
[Result "0-1"]
[WhiteElo "1531"]
[BlackElo "2089"]
[PlyCount "60"]
[EventDate "2011.12.02"]
[EventType "swiss"]
[EventRounds "5"]
[EventCountry "GER"]
[SourceTitle "EXT 2013"]
[Source "ChessBase"]
[SourceDate "2012.11.22"]
[SourceVersion "1"]
[SourceVersionDate "2012.11.22"]
[SourceQuality "1"]

1. d4 Nf6 2. c4 g6 3. Nc3 Bg7 4. e4 0-0 5. Nf3 d6 6. Be2 Na6 7. 0-0 e5 8. h3 exd4 9. Nxd4 Nc5 10. Bf3 a5 11. b3 h6 12. Bb2 Nh7 13. Nde2 Ng5 14. Ng3 Qf6 15. Be2 Ngxe4 16. Ngxe4 Nxe4 17. Na4 Qg5 18. Bxg7 Kxg7 19. Qd4+ Nf6 20. Kh1 Bd7 21. Nc3 Bc6 22. f3 Kg8 23. h4 Qe5 24. Qxe5 dxe5 25. Rad1 Rad8 26. Bd3 Rd4 27. g3 Rfd8 28. Bc2 Rxd1 29. Nxd1 Rd2 30. Ne3 Re2 0-1

[Event "Oberliga Nord W 1112"]
[Site "Germany"]
[Date "2011.10.23"]
[Round "2.7"]
[White "Dahmen, Christoph"]
[Black "Hoellmann, Ludger"]
[Result "0-1"]
[WhiteElo "2089"]
[BlackElo "2143"]
[PlyCount "102"]
[EventDate "2011.10.02"]
[EventType "team-tourn"]
[EventRounds "9"]
[EventCountry "GER"]
[SourceTitle "EXT 2013"]
[Source "ChessBase"]
[SourceDate "2012.11.22"]
[SourceVersion "1"]
[SourceVersionDate "2012.11.22"]
[SourceQuality "1"]
[WhiteTeam "Braunschweig Gliesmarode"]
[BlackTeam "Nordhorn Blanke"]
[WhiteTeamCountry "GER"]
[BlackTeamCountry "GER"]

1. d4 d6 2. c4 e5 3. Nf3 Nd7 4. Nc3 Ngf6 5. e4 g6 6. Be2 Bg7 7. 0-0 0-0 8. Be3 c6 9. Qc2 Ng4 10. Bg5 Bf6 11. Bxf6 Qxf6 12. d5 Qe7 13. dxc6 bxc6 14. h3 Ngf6 15. Rfd1 Rd8 16. b4 Bb7 17. a4 a5 18. b5 Nc5 19. Nd2 Ne6 20. Nb3 c5 21. Nd5 Bxd5 22. exd5 Nd4 23. Qb2 Nd7 24. Re1 Re8 25. Qc3 Qd8 26. Bf1 f5 27. g3 Kf7 28. Bg2 Nxb3 29. Qxb3 e4 30. f3 exf3 31. Bxf3 Qg5 32. Bg2 Qd2 33. Qd1 Rxe1+ 34. Qxe1 Qd4+ 35. Kh2 Re8 36. Qf1 Nb6 37. Re1 Re3 38. Rxe3 Qxe3 39. Qa1 Qe5 40. Qc1 Kg7 41. Bf1 h5 42. h4 Nd7 43. Qd2 Qa1 44. Qxa5 Qxf1 45. Qc7 Qe2+ 46. Kg1 Qe7 47. b6 Kh6 48. a5 Qe1+ 49. Kg2 Qe2+ 50. Kh3 Qf1+ 51. Kh2 Ne5 0-1

[Event "Enger Knappen Cup op-A"]
[Site "Enger"]
[Date "2009.12.29"]
[Round "4"]
[White "Dahmen, Christoph"]
[Black "Ruerup, Hans Heinz"]
[Result "0-1"]
[WhiteElo "2101"]
[BlackElo "2049"]
[PlyCount "62"]
[EventDate "2009.12.27"]
[EventType "swiss"]
[EventRounds "7"]
[EventCountry "GER"]
[SourceTitle "EXT 2011"]
[Source "ChessBase"]
[SourceDate "2010.11.26"]
[SourceVersion "1"]
[SourceVersionDate "2010.11.26"]
[SourceQuality "1"]

1. d4 d5 2. c4 c6 3. Nf3 Nf6 4. cxd5 cxd5 5. Nc3 Nc6 6. Bf4 Bf5 7. e3 e6 8. Be2 Bb4 9. 0-0 0-0 10. Qb3 Qe7 11. a3 Bxc3 12. bxc3 h6 13. c4 Na5 14. Qa4 Nxc4 15. Bxc4 dxc4 16. Qxc4 Rfc8 17. Qb3 Nd5 18. Be5 Rc3 19. Qb2 Rc2 20. Qb3 Rac8 21. Rfe1 Be4 22. Bg3 Bxf3 23. gxf3 g5 24. Rab1 b6 25. a4 h5 26. e4 Nf4 27. Bxf4 gxf4 28. Qb5 Qh4 29. Rf1 Kh7 30. Kh1 Rg8 31. Qd3 Rd2 0-1

[Event "Enger Knappen Cup op-A"]
[Site "Enger"]
[Date "2009.12.28"]
[Round "3"]
[White "Kehrel, Eike"]
[Black "Dahmen, Christoph"]
[Result "1-0"]
[WhiteElo "2077"]
[BlackElo "2101"]
[PlyCount "63"]
[EventDate "2009.12.27"]
[EventType "swiss"]
[EventRounds "7"]
[EventCountry "GER"]
[SourceTitle "EXT 2011"]
[Source "ChessBase"]
[SourceDate "2010.11.26"]
[SourceVersion "1"]
[SourceVersionDate "2010.11.26"]
[SourceQuality "1"]

1. e4 c5 2. Nc3 Nc6 3. Nf3 g6 4. d4 cxd4 5. Nxd4 Bg7 6. Be3 Nf6 7. Nb3 0-0 8. Be2 a5 9. a4 Nb4 10. f4 d5 11. e5 Bf5 12. Nd4 Ne4 13. Nxf5 gxf5 14. Nb5 e6 15. 0-0 f6 16. exf6 Bxf6 17. c3 Nc6 18. Qb3 Kh8 19. Rad1 Qe7 20. Bf3 Rg8 21. Bd4 Bxd4+ 22. Nxd4 Nxd4 23. Rxd4 Qc7 24. c4 Qxf4 25. cxd5 Qg5 26. dxe6 Rg7 27. Bxe4 fxe4 28. Qh3 Rag8 29. Rxe4 Qd2 30. e7 Rxg2+ 31. Kh1 Qg5 32. Qc3+ 1-0

[Event "Enger Knappen Cup op-A"]
[Site "Enger"]
[Date "2009.12.27"]
[Round "1"]
[White "Potthoff, Phillip"]
[Black "Dahmen, Christoph"]
[Result "1/2-1/2"]
[WhiteElo "1965"]
[BlackElo "2101"]
[PlyCount "42"]
[EventDate "2009.12.27"]
[EventType "swiss"]
[EventRounds "7"]
[EventCountry "GER"]
[SourceTitle "EXT 2011"]
[Source "ChessBase"]
[SourceDate "2010.11.26"]
[SourceVersion "1"]
[SourceVersionDate "2010.11.26"]
[SourceQuality "1"]

1. e4 c5 2. Nc3 Nc6 3. g3 g6 4. Bg2 Bg7 5. d3 d6 6. Be3 Nf6 7. h3 0-0 8. Qd2 Rb8 9. Bh6 b5 10. Bxg7 Kxg7 11. Nge2 Qb6 12. 0-0 c4 13. d4 b4 14. Nd5 Nxd5 15. exd5 Na5 16. Kh2 Ba6 17. Rfe1 Rfc8 18. c3 bxc3 19. bxc3 Qb2 20. Qe3 Rc7 21. h4 Bc8 1/2-1/2

[Event "GER-chT U20"]
[Site "Berlin"]
[Date "2005.12.29"]
[Round "5.2"]
[White "Dahmen, Christoph"]
[Black "Pfeufer, Lion"]
[Result "1-0"]
[WhiteElo "2088"]
[BlackElo "2008"]
[PlyCount "67"]
[EventDate "2005.12.27"]
[EventType "team-swiss"]
[EventRounds "7"]
[EventCountry "GER"]
[SourceTitle "EXT 2022"]
[Source "ChessBase"]
[SourceDate "2021.10.06"]
[SourceVersion "1"]
[SourceVersionDate "2021.10.06"]
[SourceQuality "1"]
[WhiteTeam "Heep U20"]
[BlackTeam "Plauen Koenig U20"]
[WhiteTeamCountry "GER"]
[BlackTeamCountry "GER"]

1. d4 Nf6 2. c4 g6 3. Nc3 Bg7 4. e4 d6 5. Nf3 0-0 6. Be2 e5 7. 0-0 Nc6 8. d5 Ne7 9. b4 Nh5 10. Re1 a5 11. Ba3 f5 12. bxa5 Rxa5 13. Bb4 Ra8 14. c5 Nf6 15. Ng5 Nxe4 16. Ncxe4 fxe4 17. cxd6 cxd6 18. Nxe4 Rf4 19. Bf3 Ra6 20. g3 Rf8 21. Be2 Ra8 22. Nxd6 Qb6 23. Nxc8 Qxb4 24. Rb1 Qc5 25. Nxe7+ Qxe7 26. Qb3 Qc5 27. Rf1 e4 28. Rbc1 Qa7 29. Rc7 Bd4 30. d6+ Kh8 31. Qe6 Rxf2 32. Rxf2 Bxf2+ 33. Kg2 Qd4 34. Qf7 1-0

[Event "GER-chT U20"]
[Site "Berlin"]
[Date "2005.12.28"]
[Round "3.2"]
[White "Bissbort, Julian"]
[Black "Dahmen, Christoph"]
[Result "1/2-1/2"]
[WhiteElo "2034"]
[BlackElo "2088"]
[PlyCount "57"]
[EventDate "2005.12.27"]
[EventType "team-swiss"]
[EventRounds "7"]
[EventCountry "GER"]
[SourceTitle "EXT 2022"]
[Source "ChessBase"]
[SourceDate "2021.10.06"]
[SourceVersion "1"]
[SourceVersionDate "2021.10.06"]
[SourceQuality "1"]
[WhiteTeam "Heilbronn U20"]
[BlackTeam "Heep U20"]
[WhiteTeamCountry "GER"]
[BlackTeamCountry "GER"]

1. e4 c5 2. c3 Nf6 3. e5 Nd5 4. d4 cxd4 5. cxd4 g6 6. Nc3 Nxc3 7. bxc3 Bg7 8. Nf3 0-0 9. Bd3 d6 10. exd6 Qxd6 11. 0-0 Nc6 12. a4 Rd8 13. Bc4 Qc7 14. Ng5 Ne5 15. dxe5 Rxd1 16. Bxf7+ Kf8 17. Rxd1 h6 18. Ne6+ Bxe6 19. Bxe6 Qxe5 20. Bg4 Qxc3 21. Ra3 Qc2 22. Rad3 Kg8 23. h4 Rf8 24. Be3 Qxa4 25. Be6+ Kh7 26. h5 Bf6 27. hxg6+ Kxg6 28. Bb3 Qc6 29. Bd5 1/2-1/2

[Event "GER-ch U25"]
[Site "Willingen"]
[Date "2005.05.19"]
[Round "8"]
[White "Dahmen, Christoph"]
[Black "Jaehn, Michael"]
[Result "1-0"]
[WhiteElo "2050"]
[BlackElo "1977"]
[PlyCount "97"]
[EventDate "2005.05.14"]
[EventType "swiss"]
[EventRounds "9"]
[EventCountry "GER"]
[SourceTitle "CBM 106 Extra"]
[Source "ChessBase"]
[SourceDate "2005.07.01"]
[SourceVersion "1"]
[SourceVersionDate "2005.07.01"]
[SourceQuality "1"]

1. d4 Nf6 2. c4 e6 3. Nf3 b6 4. Nc3 Bb7 5. Bg5 Be7 6. e3 0-0 7. Bd3 d5 8. Qc2 h6 9. Bh4 Nbd7 10. 0-0 c5 11. Rad1 cxd4 12. Nxd4 Rc8 13. cxd5 Nxd5 14. Bxe7 Qxe7 15. Nxd5 Bxd5 16. Qe2 Nc5 17. Bb1 Rfd8 18. Qg4 Qf6 19. f4 Be4 20. f5 exf5 21. Nxf5 Bxf5 22. Bxf5 Rxd1 23. Rxd1 Rd8 24. Rf1 Qxb2 25. Bb1 Qe5 26. Qf3 Qd5 27. e4 Qd4+ 28. Kh1 Qf6 29. Qe2 Qe5 30. a4 Rf8 31. a5 bxa5 32. Qb5 Qc7 33. e5 Qb6 34. Qc4 Qa6 35. Qf4 Qe6 36. Qd4 Nb3 37. Qd3 g6 38. Qe3 Kg7 39. Qg3 f5 40. Rd1 Re8 41. Rd6 Qf7 42. Rf6 Qxf6 43. exf6+ Kxf6 44. Qc3+ Re5 45. Kg1 a4 46. Bc2 Nc1 47. Bd1 Na2 48. Qc6+ Kg5 49. h4+ 1-0

[Event "GER-ch U25"]
[Site "Willingen"]
[Date "2005.05.19"]
[Round "7"]
[White "Patzer, Stefan"]
[Black "Dahmen, Christoph"]
[Result "1/2-1/2"]
[WhiteElo "1997"]
[BlackElo "2050"]
[PlyCount "56"]
[EventDate "2005.05.14"]
[EventType "swiss"]
[EventRounds "9"]
[EventCountry "GER"]
[SourceTitle "CBM 106 Extra"]
[Source "ChessBase"]
[SourceDate "2005.07.01"]
[SourceVersion "1"]
[SourceVersionDate "2005.07.01"]
[SourceQuality "1"]

1. e3 Nf6 2. f4 d5 3. Nf3 c5 4. b3 Nc6 5. Bb5 g6 6. Bb2 Bg7 7. d3 Qa5+ 8. Nc3 0-0 9. Bxc6 bxc6 10. 0-0 Ng4 11. Qe1 Nxe3 12. Qxe3 Bxc3 13. Bxc3 Qxc3 14. Ne5 Qxc2 15. Nxc6 Re8 16. Nxe7+ Kf8 17. Rfe1 Be6 18. Rac1 Qxa2 19. Nxd5 Bxd5 20. Qxc5+ Kg8 21. Qxd5 Qd2 22. Rxe8+ Rxe8 23. Rf1 Qe3+ 24. Rf2 Qc1+ 25. Rf1 Qe3+ 26. Rf2 Rc8 27. g3 Rc3 28. Qe4 Rxd3 1/2-1/2

[Event "Werther Schloss op-A 11th"]
[Site "Werther"]
[Date "2005.03.20"]
[Round "4"]
[White "Rehberg, Raphael"]
[Black "Dahmen, Christoph"]
[Result "0-1"]
[WhiteElo "2190"]
[BlackElo "2026"]
[PlyCount "58"]
[EventDate "2005.03.18"]
[EventType "swiss"]
[EventRounds "5"]
[EventCountry "GER"]
[SourceTitle "CBM 105 Extra"]
[Source "ChessBase"]
[SourceDate "2005.05.01"]
[SourceVersion "1"]
[SourceVersionDate "2005.05.01"]
[SourceQuality "1"]

1. e4 c5 2. b3 Nf6 3. e5 Nd5 4. d4 cxd4 5. Qxd4 e6 6. Bd3 Nc6 7. Qe4 f5 8. Qe2 Bb4+ 9. Kf1 0-0 10. a3 Be7 11. c4 Nb6 12. Nf3 d6 13. Bb2 dxe5 14. Nxe5 Nd4 15. Qd1 Bf6 16. f4 Qd6 17. Nc3 Rd8 18. b4 Bxe5 19. fxe5 Qc7 20. c5 Nd7 21. Ne2 Nc6 22. Nd4 Nxd4 23. Bxd4 Nxe5 24. Bxe5 Qxe5 25. Ra2 Bd7 26. h4 Bb5 27. Rh3 Rxd3 28. Rxd3 Rd8 29. Re2 Rxd3 0-1

[Event "Werther Schloss op-A 11th"]
[Site "Werther"]
[Date "2005.03.19"]
[Round "3"]
[White "Jansen, Dirk Norbert"]
[Black "Dahmen, Christoph"]
[Result "0-1"]
[WhiteElo "2154"]
[BlackElo "2026"]
[PlyCount "96"]
[EventDate "2005.03.18"]
[EventType "swiss"]
[EventRounds "5"]
[EventCountry "GER"]
[SourceTitle "CBM 105 Extra"]
[Source "ChessBase"]
[SourceDate "2005.05.01"]
[SourceVersion "1"]
[SourceVersionDate "2005.05.01"]
[SourceQuality "1"]

1. e4 c5 2. Nf3 Nc6 3. d4 cxd4 4. Nxd4 g6 5. Nc3 Bg7 6. Be3 Nf6 7. Bc4 Qa5 8. 0-0 0-0 9. Bb3 d6 10. h3 Bd7 11. f4 Nxd4 12. Bxd4 Bc6 13. Nd5 Bxd5 14. exd5 Nd7 15. Bxg7 Kxg7 16. Qd4+ Kg8 17. Rae1 Rfe8 18. Re3 Qc5 19. Qd2 f5 20. Kh2 Nf6 21. Re6 a5 22. Qe2 a4 23. Bc4 Kf8 24. Bb5 Qxd5 25. Bxe8 Rxe8 26. c4 Qd4 27. g4 Kf7 28. gxf5 gxf5 29. Re3 e6 30. Rf2 Rg8 31. Rd3 Qc5 32. Qe3 Qc6 33. Qf3 Ne4 34. Rg2 Rxg2+ 35. Qxg2 Qxc4 36. Rd1 Nc5 37. Qf3 Ke7 38. Rg1 Qe4 39. Qg3 Kd7 40. Rg2 h5 41. Rf2 Kc6 42. Qg2 Nd3 43. Rc2+ Kb6 44. Qxe4 fxe4 45. Kg3 d5 46. Kh4 Nxf4 47. Kg5 Nd3 48. Kf6 e3 0-1

[Event "GER-chT U20"]
[Site "Cologne"]
[Date "2004.12.30"]
[Round "7.3"]
[White "Dahmen, Christoph"]
[Black "Becker, Martin Alexander"]
[Result "1/2-1/2"]
[WhiteElo "1975"]
[BlackElo "2163"]
[PlyCount "99"]
[EventDate "2004.12.27"]
[EventType "team-tourn"]
[EventRounds "7"]
[EventCountry "GER"]
[SourceTitle "CBM 104 Extra"]
[Source "ChessBase"]
[SourceDate "2005.03.01"]
[SourceVersion "1"]
[SourceVersionDate "2005.03.01"]
[SourceQuality "1"]
[WhiteTeam "Heep (U20)"]
[BlackTeam "Bochum 31 (U20)"]
[WhiteTeamCountry "GER"]
[BlackTeamCountry "GER"]

1. d4 Nf6 2. c4 e6 3. Nf3 c5 4. Nc3 cxd4 5. Nxd4 Bb4 6. Bd2 Nc6 7. e3 0-0 8. a3 Be7 9. Be2 d5 10. Nxc6 bxc6 11. 0-0 e5 12. Qc2 Be6 13. Rfd1 Qb8 14. Be1 a6 15. Na4 Nd7 16. Bf3 e4 17. Be2 Bd6 18. h3 Qd8 19. cxd5 cxd5 20. Bb4 Bxb4 21. axb4 Qg5 22. Kh2 Qh4 23. Kg1 Rfc8 24. Nc5 Ne5 25. Qa4 Bxh3 26. gxh3 Rc6 27. Rxd5 Rg6+ 28. Kf1 Rf6 29. Ke1 Qxf2+ 30. Kd1 Nf3 31. Bxf3 Qxf3+ 32. Kc2 Qxe3 33. Rad1 h5 34. b5 Qe2+ 35. R1d2 Qxb5 36. Qxe4 Re8 37. Qxe8+ Qxe8 38. Rd8 Qxd8 39. Rxd8+ Kh7 40. Rd3 Rc6 41. Rc3 g5 42. Kd3 Kg6 43. Ke4 Rb6 44. b3 h4 45. Nd7 f5+ 46. Kf3 Rd6 47. Nc5 Kf6 48. b4 g4+ 49. hxg4 fxg4+ 50. Kxg4 1/2-1/2